000 00487nam a2200169Ia 4500
999 _c18572
_d18572
003 OSt
005 20200623141720.0
008 190216s9999||||xx |||||||||||||| ||und||
040 _coclc
082 _a954
_bSMI/O
100 _aSmith, Vincent A
_93001
245 4 _aThe Oxford History Of India /
_cVincent A Smith
250 _a3rd Ed.
260 _bOxford At The Clarendon Press,
_aLondon:
_c1961.
300 _a898p
942 _cBK
_2ddc
_h954
_iSMI/O
_k954
_mSMI/O